Ecological indicators for the assessment of the quality of air, water, soil and ecosystems : papers presented at a symposium held in Utrecht, October 1982

Αποθηκεύτηκε σε:
Λεπτομέρειες βιβλιογραφικής εγγραφής
Άλλοι συγγραφείς: Best, E. P. H. (Επιμελητής έκδοσης), Haeck, J. (Επιμελητής έκδοσης)
Μορφή: Βιβλίο
Γλώσσα:English
Δημοσίευση: Dordrecht : D. Reidel, c1983
Θέματα:
Ετικέτες: Προσθήκη ετικέτας
Δεν υπάρχουν, Καταχωρήστε ετικέτα πρώτοι!

MARC

LEADER 00000nam a2200000 i 4500
001 1/71182
008 970422r1983 eng d
020 |a 90-277-1708-7 
035 |l 10002685 
040 |a GR-MY-UA  |b gre  |e aacr 
041 0 |a eng 
245 1 0 |a Ecological indicators for the assessment of the quality of air, water, soil and ecosystems :  |b papers presented at a symposium held in Utrecht, October 1982 /  |c Edited by E. P. H. Best and J. Haeck 
260 |a Dordrecht :   |b D. Reidel,   |c c1983 
300 |a 403 p.;  |c 25 cm 
500 |a Reprinted from Environmental monitoring and assessment, v. 3, nos. 3 and 4 
504 |a Includes bibliographical references  
650 0 0 |a Indicators (Biology)  |x Congresses. 
650 0 0 |a Environmental monitoring  |x Congresses. 
700 1 |a Best, E. P. H.  |4 edt 
700 1 |a Haeck, J.  |4 edt 
852 |a INST  |b LESVOS  |e 19970422  |h 574.5 ECO  |p 005100011443  |q 005100011443  |t BK  |y 0 
909 |a Λ  |b 01871